[Event "Titled Tue 10th Jun Early"]
[Site "chess.com INT"]
[Date "2025.06.10"]
[Round "9"]
[White "Bratovic, Blaz"]
[Black "Kholyavko, Mariya"]
[Result "0-1"]
[WhiteTitle "IM"]
[BlackTitle "WFM"]
[WhiteElo "2319"]
[BlackElo "2175"]
[WhiteFideId "14603551"]
[BlackFideId "13748505"]
[EventDate "2025.06.10"]

1. e4 c5 2. Nf3 e6 3. c3 Nc6 4. d4 cxd4 5. cxd4 d5 6. e5 Nge7 7. Nc3 Nf5 8. Bb5
a6 9. Ba4 Bd7 10. Bc2 Bb4 11. O-O Nh4 12. Nxh4 Qxh4 13. Ne2 Rc8 14. a3 Ba5 15.
Be3 O-O 16. f4 f6 17. Rf3 g6 18. Rh3 Qg4 19. Rg3 Qh4 20. Qd3 Be8 21. f5 fxe5 22.
fxe6 e4 23. Qd1 Qf6 24. Nf4 Ne7 25. b4 Bc7 26. Rg4 Kh8 27. Qd2 h5 28. Rf1 hxg4
29. Nxg6+ Bxg6 30. Rxf6 Rxf6 31. Bg5 Rxe6 32. Qf2 Nf5 33. Qe2 Kg7 34. Qxg4 Bxh2+
35. Kxh2 Rxc2 36. Qf4 e3 37. Qb8 e2 38. Qxb7+ Bf7 39. Qxd5 e1=Q 40. Qxf5 Qe2 41.
Qg4 Qxg4 0-1

[Event "Titled Tue 10th Jun Early"]
[Site "chess.com INT"]
[Date "2025.06.10"]
[Round "9"]
[White "Ilamparthi, A R"]
[Black "Nitish, Belurkar"]
[Result "0-1"]
[WhiteTitle "IM"]
[BlackTitle "IM"]
[WhiteElo "2490"]
[BlackElo "2454"]
[WhiteFideId "45015775"]
[BlackFideId "5084768"]
[EventDate "2025.06.10"]

1. d4 d6 2. e4 Nf6 3. Nc3 g6 4. f4 Bg7 5. Qd2 O-O 6. e5 Nfd7 7. h4 c5 8. h5 cxd4
9. Ne4 dxe5 10. Nf3 Nc6 11. hxg6 hxg6 12. g4 exf4 13. Qh2 Re8 14. Bxf4 Qa5+ 15.
Bd2 Qd5 16. Qh7+ Kf8 17. Bh6 Qxe4+ 18. Kf2 Qxc2+ 19. Kg3 e5 20. Qxg7+ Ke7 21.
Rh2 Qc5 22. Rc1 Qd6 23. Bg5+ Nf6 24. Rh7 Rf8 25. Kh4 Bxg4 26. Bc4 Nd8 27. Nd2
Bf5 28. Bb3 e4 29. Bxf6+ Qxf6+ 30. Qxf6+ Kxf6 31. Rf1 Ke7 32. Kg5 Ne6+ 33. Bxe6
Kxe6 34. Nb3 f6+ 35. Kh6 Kd5 36. Rc1 Rac8 37. Rd1 d3 38. Re7 Rh8+ 39. Kg7 Rcg8+
40. Kxf6 Rf8+ 41. Kg7 Re8 42. Rxb7 e3 0-1

[Event "Titled Tue 10th Jun Early"]
[Site "chess.com INT"]
[Date "2025.06.10"]
[Round "9"]
[White "Skliarov, Viktor"]
[Black "Cherukuri, Nitesh"]
[Result "1-0"]
[WhiteTitle "IM"]
[BlackTitle "CM"]
[WhiteElo "2334"]
[BlackElo "2171"]
[WhiteFideId "14106736"]
[BlackFideId "30978688"]
[EventDate "2025.06.10"]

1. e4 c5 2. Nf3 e6 3. c3 Nf6 4. Bd3 Nc6 5. O-O d5 6. e5 Nd7 7. Re1 Qc7 8. Qe2 g6
9. Bc2 d4 10. Na3 a6 11. cxd4 cxd4 12. d3 Bg7 13. Nc4 O-O 14. Bf4 b5 15. Nd6
Ncxe5 16. Nxe5 Nxe5 17. Bxe5 Bxe5 18. Qxe5 Qxc2 19. Ne4 Bb7 20. Nf6+ Kh8 21.
Ng4+ f6 22. Nxf6 Rf7 23. Ng4+ Kg8 24. Nh6+ Kf8 25. Nxf7 Qc6 26. Qd6+ Kxf7 27.
Qxc6 Bxc6 28. Rac1 Rc8 29. Re5 Ke7 30. Rec5 Kd6 31. b4 e5 32. f3 Rc7 33. Kf2 Rc8
34. Kg3 h6 35. h4 Rc7 36. a3 Rc8 37. Kf2 Rc7 38. g3 Rc8 39. f4 exf4 40. gxf4 Rc7
41. Kg3 Rc8 42. f5 gxf5 43. Kf4 Rc7 44. Rg1 Rc8 45. Rg6+ Kd7 46. Rxh6 Bb7 47.
Rh7+ Kd8 48. Rxb7 1-0

[Event "Titled Tue 10th Jun Early"]
[Site "chess.com INT"]
[Date "2025.06.10"]
[Round "9"]
[White "Grave, Jacob Templen"]
[Black "Yang, Daniel"]
[Result "1-0"]
[WhiteTitle "FM"]
[BlackTitle "CM"]
[WhiteElo "2350"]
[BlackElo "2198"]
[WhiteFideId "1542656"]
[BlackFideId "30976340"]
[EventDate "2025.06.10"]

1. c4 Nf6 2. Nf3 g6 3. g3 Bg7 4. Bg2 O-O 5. O-O d6 6. d4 Nbd7 7. Nc3 e5 8. e4
exd4 9. Nxd4 Re8 10. Re1 Nc5 11. h3 h6 12. Rb1 a5 13. Bf4 Ne6 14. Be3 Nc5 15.
Qc2 a4 16. Rbd1 Bd7 17. Ndb5 Bxb5 18. cxb5 Nfd7 19. Nd5 Ne6 20. Rc1 Ndc5 21.
Red1 Kh7 22. b4 axb3 23. axb3 Rc8 24. b4 Nd7 25. Qd2 Ng5 26. Qc2 c6 27. bxc6
bxc6 28. Nf4 Ne5 29. Qe2 Qd7 30. h4 Ne6 31. Nxe6 Qxe6 32. Rc2 Ng4 33. Bf4 d5 34.
Re1 d4 35. Rd1 Rcd8 36. Rcd2 Be5 37. Bh3 Bxf4 38. Bxg4 Qb3 39. gxf4 Qxb4 40. Rd3
c5 41. e5 Qb6 42. Qe4 c4 43. Rxd4 Rc8 44. Rd7 Kg7 45. h5 c3 46. e6 c2 47. Qxg6+
Kh8 48. Qxh6+ Kg8 49. exf7# 1-0

[Event "Titled Tue 10th Jun Early"]
[Site "chess.com INT"]
[Date "2025.06.10"]
[Round "9"]
[White "Goldbeck, Lars"]
[Black "Burmakin, Evgeniy"]
[Result "0-1"]
[WhiteTitle "FM"]
[BlackTitle "FM"]
[WhiteElo "2391"]
[BlackElo "2110"]
[WhiteFideId "16208188"]
[BlackFideId "4163729"]
[EventDate "2025.06.10"]

1. e4 c5 2. c3 Nf6 3. e5 Nd5 4. Nf3 e6 5. d4 cxd4 6. cxd4 d6 7. Bc4 Nc6 8. O-O
Be7 9. exd6 Bxd6 10. Nc3 Nxc3 11. bxc3 O-O 12. Bd3 b6 13. Bxh7+ Kxh7 14. Ng5+
Kg6 15. Qd3+ f5 16. Re1 Bd7 17. d5 exd5 18. Qxd5 Rf6 19. Be3 Ne5 20. Rad1 Bc6
21. Qd4 f4 22. Bxf4 Rxf4 23. Qxf4 Nf3+ 24. Nxf3 Bxf4 25. Rxd8 Rxd8 26. Nd4 Bd5
27. g3 Bg5 28. f4 Bf6 29. Kf2 Bxd4+ 30. cxd4 Bxa2 31. Ra1 Bc4 32. Rxa7 Rxd4 33.
Rb7 b5 34. Ke3 Rd3+ 35. Ke4 Bd5+ 36. Kxd3 Bxb7 37. g4 Bf3 38. h3 Bg2 39. h4 Bf3
40. g5 Kf5 41. h5 Bxh5 42. Kc3 Kxf4 43. Kb4 Kxg5 44. Kxb5 Kf4 45. Kc4 g5 46. Kd3
Kf3 47. Kd2 Kf2 48. Kd3 g4 49. Ke4 g3 50. Kf4 g2 51. Kg5 g1=Q+ 52. Kxh5 Qg7 53.
Kh4 Qg6 54. Kh3 Qg3# 0-1

[Event "Titled Tue 10th Jun Early"]
[Site "chess.com INT"]
[Date "2025.06.10"]
[Round "9"]
[White "Cordeiro, Marco Aurelio Zaror"]
[Black "Gutman, Gennadi"]
[Result "1/2-1/2"]
[BlackTitle "GM"]
[WhiteElo "2056"]
[BlackElo "2445"]
[WhiteFideId "2117991"]
[BlackFideId "14102277"]
[EventDate "2025.06.10"]

1. e4 c6 2. d4 d5 3. e5 Bf5 4. Nc3 e6 5. g4 Bg6 6. Nge2 h5 7. Nf4 Ne7 8. gxh5
Bf5 9. Bd3 Bxd3 10. Qxd3 Nf5 11. Be3 Nd7 12. O-O-O c5 13. dxc5 Nxe5 14. Qb5+ Qd7
15. Nfxd5 Nxe3 16. fxe3 exd5 17. Rxd5 Rxh5 18. Rxd7 Nxd7 19. Qxb7 Rb8 20. Qe4+
Re5 21. Qf4 Bxc5 22. Re1 Kf8 23. Ne4 Bb6 24. Ng5 f6 25. Nf3 Re7 26. e4 Rbe8 27.
e5 Kg8 28. Qc4+ Kf8 29. e6 Ne5 30. Nxe5 fxe5 31. Rxe5 Kg8 32. c3 Rc7 33. Qd5
Ree7 34. Qd8+ Kh7 35. Rh5+ Kg6 36. Qd5 Rc5 37. Rg5+ Kf6 38. Rf5+ Kg6 39. Rg5+
Kf6 40. Rf5+ Kg6 41. Rg5+ 1/2-1/2

[Event "Titled Tue 10th Jun Early"]
[Site "chess.com INT"]
[Date "2025.06.10"]
[Round "9"]
[White "Coro, Lucas"]
[Black "Howell, David W L"]
[Result "1-0"]
[WhiteTitle "IM"]
[BlackTitle "GM"]
[WhiteElo "2438"]
[BlackElo "2668"]
[WhiteFideId "147222"]
[BlackFideId "410608"]
[EventDate "2025.06.10"]

1. c4 e6 2. g3 d5 3. Bg2 Nf6 4. Nf3 Be7 5. O-O O-O 6. b3 b6 7. Bb2 Bb7 8. cxd5
Nxd5 9. d4 Nf6 10. Qc2 Nbd7 11. Rd1 Rc8 12. Nc3 c5 13. Rac1 cxd4 14. Rxd4 Qc7
15. Qb1 Qb8 16. Rcd1 Rfd8 17. e3 h6 18. R1d2 Qa8 19. Qd1 Nc5 20. Rxd8+ Rxd8 21.
Rxd8+ Bxd8 22. Nb5 Be7 23. Nh4 Bxg2 24. Nxg2 Nfe4 25. h4 Qb7 26. Nc3 Nf6 27. Ne2
Nd5 28. Ngf4 Nb4 29. Nh5 f6 30. Nef4 e5 31. Qg4 Bd8 32. Ne6 Nxe6 33. Qxe6+ Qf7
34. Qg4 Nxa2 35. Ba3 Nc3 36. Qf5 Nb5 37. Bb2 Nd6 38. Qd3 Be7 39. g4 a5 40. Ba3
Ne8 41. Bxe7 Qxe7 42. Ng3 Qe6 43. Nf5 Kf7 44. h5 1-0

[Event "Titled Tue 10th Jun Early"]
[Site "chess.com INT"]
[Date "2025.06.10"]
[Round "9"]
[White "Yonal, Timur"]
[Black "Rasch, Holger"]
[Result "0-1"]
[WhiteTitle "FM"]
[BlackTitle "FM"]
[WhiteElo "2170"]
[BlackElo "2246"]
[WhiteFideId "44115725"]
[BlackFideId "4615670"]
[EventDate "2025.06.10"]

1. e4 c5 2. Nf3 e6 3. d4 cxd4 4. Nxd4 Nc6 5. Nc3 Qc7 6. Be3 a6 7. Be2 Nf6 8. O-O
Bb4 9. f3 O-O 10. Qd2 d5 11. Nxc6 Qxc6 12. e5 Nd7 13. f4 b5 14. Bd4 Nc5 15. Bf3
Ne4 16. Bxe4 dxe4 17. a3 Be7 18. Qe3 Bb7 19. Rad1 Rfd8 20. f5 exf5 21. Rxf5 Rd7
22. Ne2 Qxc2 23. Rdf1 Bf8 24. h4 Qd3 25. Qf2 Bd5 26. h5 Be6 27. Rf4 Rxd4 28.
Nxd4 Bc5 29. Kh2 Qxd4 30. Qg3 Qxe5 31. h6 Bd6 32. Kg1 g6 33. Qh4 Qd4+ 34. R4f2
Bc5 35. Kh1 e3 36. Qxd4 Bxd4 37. Rf4 Bxb2 38. Re4 Bc4 39. Re1 e2 40. g4 Bc3 41.
R1xe2 Bxe2 42. Rxe2 b4 43. g5 bxa3 44. Kg2 Bb2 45. Kf3 a2 46. Re1 a1=Q 47. Rxa1
Bxa1 48. Ke4 Bc3 49. Kd5 Bd2 50. Kd6 Bxg5 51. Kc7 Bxh6 52. Kb7 Bg7 0-1

[Event "Titled Tue 10th Jun Early"]
[Site "chess.com INT"]
[Date "2025.06.10"]
[Round "9"]
[White "Manukyan, Sargis A."]
[Black "Borgaonkar, Akshay"]
[Result "0-1"]
[WhiteTitle "FM"]
[BlackTitle "FM"]
[WhiteElo "2294"]
[BlackElo "2453"]
[WhiteFideId "13303970"]
[BlackFideId "25639110"]
[EventDate "2025.06.10"]

1. d4 Nf6 2. c4 g6 3. Nc3 Bg7 4. e4 d6 5. Nf3 O-O 6. h3 e5 7. d5 a5 8. g4 Na6 9.
Qc2 Nc5 10. Be3 Bd7 11. b3 c6 12. Be2 Ne8 13. Bxc5 dxc5 14. dxc6 Bxc6 15. Rd1
Qe7 16. Nd5 Bxd5 17. cxd5 Rc8 18. a4 Nd6 19. Nd2 Kh8 20. Nc4 Nxc4 21. bxc4 Qd6
22. Qb3 b6 23. Bd3 Bh6 24. Ke2 Bf4 25. f3 Qf6 26. h4 Rfd8 27. Rdg1 Rd6 28. Qb5
Kg7 29. g5 Qe7 30. Rg4 Rh8 31. h5 Bxg5 32. Qb1 Bf4 33. Qg1 g5 34. Qg2 h6 35. Qh3
Qf6 36. Rgg1 Rhd8 37. Rb1 Kf8 38. Qg4 Ke7 39. Rb5 R8d7 40. Rhb1 Kd8 41. Kd1 Kc7
42. Bf1 Be3 43. Bh3 Rd8 44. Ke2 Qf4 45. Qxf4 gxf4 46. Bg4 Rg8 47. Rh1 Bd4 48.
Rh2 Rg5 49. Rg2 Bc3 50. Rb1 Rd8 51. Bh3 Rdg8 52. Rxg5 Rxg5 53. d6+ Kxd6 54.
Rxb6+ Ke7 55. Rxh6 Rg1 56. Ra6 Rh1 57. Bg4 Rh2+ 58. Kd3 Bb4 59. Ra7+ Kf6 60.
Ra6+ Kg5 61. Bh3 Rd2# 0-1

[Event "Titled Tue 10th Jun Early"]
[Site "chess.com INT"]
[Date "2025.06.10"]
[Round "9"]
[White "Labussiere, Victor"]
[Black "Li, Hui"]
[Result "1-0"]
[WhiteTitle "FM"]
[BlackTitle "CM"]
[WhiteElo "2312"]
[BlackElo "2041"]
[WhiteFideId "2183129"]
[BlackFideId "15400310"]
[EventDate "2025.06.10"]

1. e4 e5 2. Bc4 Nf6 3. d3 c6 4. Nf3 d5 5. Bb3 Bd6 6. O-O dxe4 7. Ng5 O-O 8. Nxe4
Nxe4 9. dxe4 Qe7 10. Qe2 Be6 11. Bxe6 Qxe6 12. Nd2 Nd7 13. Nc4 Be7 14. a4 Nf6
15. Bg5 Rfe8 16. Rfd1 Rad8 17. c3 h6 18. Bxf6 Bxf6 19. a5 a6 20. g3 Be7 21. Kg2
Bc5 22. b3 Qe7 23. b4 Ba7 24. Nb6 Bxb6 25. axb6 Rxd1 26. Rxd1 Rd8 27. Rd3 Kf8
28. h4 Ke8 29. h5 Rd7 30. Rxd7 Qxd7 31. Qc4 Qg4 32. f3 Qxh5 33. Qc5 Qg5 34. Qd6
Qd8 35. Qxe5+ Kf8 36. Qc7 Ke8 37. Qxb7 Qd2+ 38. Kh3 Qxc3 39. Qc8+ Ke7 40. Qc7+
Ke6 41. b7 Qe3 1-0

[Event "Titled Tue 10th Jun Early"]
[Site "chess.com INT"]
[Date "2025.06.10"]
[Round "9"]
[White "Dyulgerov, Volen"]
[Black "Karttunen, Mika"]
[Result "0-1"]
[WhiteTitle "CM"]
[BlackTitle "IM"]
[WhiteElo "2200"]
[BlackElo "2490"]
[WhiteFideId "2918978"]
[BlackFideId "502081"]
[EventDate "2025.06.10"]

1. e4 c5 2. d4 cxd4 3. c3 Nf6 4. Bd3 d5 5. e5 Ne4 6. cxd4 e6 7. Nc3 Bb4 8. Ne2
f5 9. f3 Ng5 10. Qa4+ Nc6 11. Bb5 Bd7 12. Bxc6 Bxc3+ 13. bxc3 Bxc6 14. Qb4 a5
15. Qc5 Rc8 16. Ba3 Nf7 17. Nf4 b6 18. Nxe6 bxc5 19. Nxd8 Nxd8 20. Bxc5 Ne6 21.
Bd6 Kd7 22. Rb1 Ba8 23. Rb6 Rxc3 24. O-O Nxd4 25. Ra6 Rhc8 26. h4 Rc1 27. Rxc1
Rxc1+ 28. Kh2 Rc8 29. Ra7+ Kc6 30. Rxg7 Ne6 31. Rxh7 d4 32. Kg1 d3 33. Kf2 f4
34. Ke1 Kd5 35. Kd2 Rc2+ 36. Kxd3 Rxg2 37. Rd7 Bc6 38. Ra7 Rxa2 39. Bc7 Nc5+ 40.
Kc3 Ra3+ 41. Kb2 Rb3+ 42. Ka2 a4 43. Bd6 Rxf3 44. Ra5 Rc3 45. h5 f3 46. h6 f2
47. h7 f1=Q 48. h8=Q Qe2+ 0-1

[Event "Titled Tue 10th Jun Early"]
[Site "chess.com INT"]
[Date "2025.06.10"]
[Round "9"]
[White "Pavlov, Nikolay"]
[Black "Nouali, Mohamed"]
[Result "0-1"]
[WhiteTitle "FM"]
[BlackTitle "FM"]
[WhiteElo "2316"]
[BlackElo "2160"]
[WhiteFideId "24141470"]
[BlackFideId "5502462"]
[EventDate "2025.06.10"]

1. Nf3 Nf6 2. b3 g6 3. Bb2 Bg7 4. c4 O-O 5. g3 d5 6. cxd5 Qxd5 7. Bg2 Nc6 8. O-O
Qh5 9. d3 Bh3 10. Nbd2 Ng4 11. Bxg7 Kxg7 12. Qc2 Nd4 13. Qb2 e5 14. Rfe1 Rae8
15. Bh1 c5 16. Rac1 b6 17. b4 Ne6 18. Nc4 f6 19. Nd6 Rd8 20. Ne4 cxb4 21. Qxb4
Rf7 22. Qb3 Nh6 23. Rc6 Nd4 24. Nxd4 exd4 25. Qc4 Rdd7 26. a4 Bg4 27. Qc2 Rfe7
28. Bg2 Rf7 29. Bf1 Bh3 30. Bg2 Bxg2 31. Kxg2 Ng4 32. h3 Ne5 33. Rc8 f5 34. Nd2
f4 35. g4 Nxg4 36. Nf3 Ne5 37. Re8 Nxf3 38. exf3 Rd5 39. R1e7 Rg5+ 40. Kf1 Qxf3
41. Rxf7+ Kxf7 42. Rc8 Re5 43. Qc7+ Re7 0-1

[Event "Titled Tue 10th Jun Early"]
[Site "chess.com INT"]
[Date "2025.06.10"]
[Round "9"]
[White "Ivanov, Andrey A."]
[Black "Buchenau, Frank"]
[Result "0-1"]
[WhiteTitle "CM"]
[BlackTitle "FM"]
[WhiteElo "2120"]
[BlackElo "2205"]
[WhiteFideId "2514311"]
[BlackFideId "4604350"]
[EventDate "2025.06.10"]

1. Nf3 Nf6 2. d4 e6 3. c4 b6 4. Nc3 Bb4 5. Qc2 Bb7 6. e3 c5 7. a3 Ba5 8. Be2 Be4
9. Qa4 Bxc3+ 10. bxc3 O-O 11. O-O Nc6 12. Qd1 Rc8 13. a4 Na5 14. Ba3 d6 15. dxc5
dxc5 16. Qxd8 Rfxd8 17. Rad1 Ne8 18. Ne5 f6 19. Bg4 Bf5 20. Bxf5 exf5 21. Nf3
Nxc4 22. Bc1 Ned6 23. Rd5 Kf7 24. Rfd1 Ke7 25. Nd2 Nxd2 26. R1xd2 Ne4 27. Rxd8
Rxd8 28. Rxd8 Kxd8 29. c4 Nd6 30. Kf1 Nxc4 31. Ke2 Kd7 32. Kd3 Ne5+ 33. Kc3 Ng4
34. f3 Nxh2 35. Kd3 Nf1 36. g4 Ng3 37. e4 fxe4+ 38. fxe4 h5 39. gxh5 Nxh5 40.
Ke3 Ke6 41. Kf3 f5 42. Bb2 g5 43. exf5+ Kxf5 44. Bc3 g4+ 45. Kg2 Nf4+ 46. Kg3
Ne2+ 47. Kh4 Nxc3 48. a5 bxa5 49. Kg3 a4 50. Kf2 a3 51. Ke3 a2 52. Kd3 a1=Q 53.
Kc4 Qa4+ 54. Kd3 Qd4+ 55. Kc2 Nb5 56. Kb3 g3 57. Kc2 g2 58. Kb3 g1=Q 59. Kc2
Qgd1# 0-1

[Event "Titled Tue 10th Jun Early"]
[Site "chess.com INT"]
[Date "2025.06.10"]
[Round "9"]
[White "Mkrtchyan, Mariam"]
[Black "Izafatava, Kira"]
[Result "0-1"]
[WhiteTitle "WIM"]
[WhiteElo "2307"]
[BlackElo "2036"]
[WhiteFideId "13310828"]
[BlackFideId "13521705"]
[EventDate "2025.06.10"]

1. Nf3 Nf6 2. c4 d5 3. cxd5 Nxd5 4. d4 g6 5. e4 Nb6 6. Nc3 Bg7 7. Be2 Nc6 8. Be3
O-O 9. d5 Ne5 10. Nxe5 Bxe5 11. O-O e6 12. Rc1 exd5 13. exd5 Bxc3 14. bxc3 Qxd5
15. Qc2 Bf5 16. Qb2 Rfe8 17. c4 Qe6 18. Rfe1 Rad8 19. h3 Be4 20. c5 Nd5 21. Bh6
Qf6 22. Qxf6 Nxf6 23. Bb5 c6 24. Bc4 Bd5 25. Bb3 Bxb3 26. axb3 Nd5 27. Bg5 Rc8
28. Kf1 f6 29. Bd2 Kf7 30. g4 a6 31. Ba5 Rxe1+ 32. Rxe1 Re8 33. Rd1 Re4 34. Kg2
Rf4 35. Kg3 Re4 36. h4 Re7 37. h5 gxh5 38. gxh5 Re5 39. Rh1 Rg5+ 40. Kh4 Nf4 41.
Bd2 Rxh5+ 42. Kg4 Rxh1 43. Bxf4 Rb1 44. Bd6 Rxb3 45. Kf5 Rb4 46. f4 Rc4 47. Be7
a5 48. Bd6 a4 49. Be7 a3 50. Bxf6 a2 51. Be5 Rc1 52. Ke4 a1=Q 53. Bxa1 Rxa1 0-1

[Event "Titled Tue 10th Jun Early"]
[Site "chess.com INT"]
[Date "2025.06.10"]
[Round "9"]
[White "Montenegro Mancera, Juan Rolando"]
[Black "Tarnowska, Aleksandra"]
[Result "1-0"]
[WhiteTitle "FM"]
[BlackTitle "WCM"]
[WhiteElo "2038"]
[BlackElo "1882"]
[WhiteFideId "4403444"]
[BlackFideId "1180967"]
[EventDate "2025.06.10"]

1. e4 c5 2. Nf3 e6 3. d3 a6 4. g3 d6 5. Bg2 Nf6 6. O-O Be7 7. Qe2 O-O 8. c3 Qc7
9. d4 cxd4 10. cxd4 d5 11. e5 Ne4 12. Be3 Nc6 13. Nc3 Nxc3 14. bxc3 b5 15. h4 a5
16. Rfe1 Ba6 17. Qd2 b4 18. Rac1 Qd7 19. Qc2 bxc3 20. Qxc3 Rfc8 21. Qa1 Ba3 22.
Rc2 Nb4 23. Rxc8+ Rxc8 24. Rd1 Nc2 25. Qb1 Qa4 26. Bc1 Bb4 27. Bd2 Na3 28. Qb3
Qxb3 29. axb3 Rc2 30. Bxb4 axb4 31. Ne1 Rb2 32. Rc1 g6 33. Rc6 Be2 34. h5 Rb1
35. h6 f5 36. Rc8+ Kf7 37. Rc7+ Kg8 38. Rc8+ Kf7 39. Rc7+ Kf8 40. Rxh7 Rxe1+ 41.
Kh2 Kg8 42. Rb7 g5 43. Kh3 Rg1 44. h7+ Kh8 45. Rxb4 1-0

[Event "Titled Tue 10th Jun Early"]
[Site "chess.com INT"]
[Date "2025.06.10"]
[Round "9"]
[White "Rustemov, Alexander"]
[Black "Gales, Randi-Ioan"]
[Result "1/2-1/2"]
[WhiteTitle "GM"]
[BlackTitle "CM"]
[WhiteElo "2525"]
[BlackElo "2243"]
[WhiteFideId "4119002"]
[BlackFideId "1285360"]
[EventDate "2025.06.10"]

1. d4 d5 2. c4 e6 3. Nc3 Nf6 4. Nf3 Be7 5. Bg5 h6 6. Bxf6 Bxf6 7. e3 O-O 8. Rc1
dxc4 9. Bxc4 c5 10. dxc5 Nd7 11. c6 bxc6 12. O-O Rb8 13. Qc2 Bb7 14. Rfd1 Qe7
15. Ne4 Rfd8 16. b3 c5 17. h3 Rbc8 18. Nfd2 Ne5 19. Be2 Rc7 20. Nf3 Nxf3+ 21.
Bxf3 Bd5 22. Nxc5 Rdc8 23. Bxd5 Rxc5 24. Bc4 Be5 25. Qe4 Bb8 26. g3 g6 27. Kg2
h5 28. h4 Kg7 29. Rd2 Re5 30. Qf3 Rf5 31. Qe2 Qb7+ 32. Kg1 a5 33. Rcd1 Rc7 34.
Rd8 Re7 35. R8d4 Ba7 36. R4d3 Qe4 37. Qf1 Qg4 38. Qg2 Rf3 39. Re1 e5 40. Rd2 e4
41. Be2 Bb8 42. Bxf3 exf3 43. Qf1 Bxg3 44. fxg3 Qxg3+ 45. Kh1 Re4 46. Rh2 Rxh4
47. Rxh4 Qxh4+ 48. Kg1 Qg3+ 49. Kh1 Qh4+ 50. Kg1 Qg3+ 51. Kh1 Qh4+ 1/2-1/2

[Event "Titled Tue 10th Jun Early"]
[Site "chess.com INT"]
[Date "2025.06.10"]
[Round "9"]
[White "Shymanskyi, Oleksandr"]
[Black "Zhou, Yuxu"]
[Result "1-0"]
[WhiteTitle "FM"]
[BlackTitle "CM"]
[WhiteElo "2218"]
[BlackElo "2113"]
[WhiteFideId "14168880"]
[BlackFideId "8626421"]
[EventDate "2025.06.10"]

1. e4 e6 2. d4 d5 3. Nd2 c5 4. Ngf3 cxd4 5. Nxd4 Nc6 6. Nxc6 bxc6 7. Bd3 Nf6 8.
O-O Be7 9. e5 Nd7 10. Qh5 g6 11. Qe2 Qc7 12. Nf3 Bb7 13. Bh6 Bf8 14. Bxf8 Kxf8
15. Rfe1 Kg7 16. Qe3 c5 17. c3 Rad8 18. Qf4 h6 19. h4 d4 20. h5 Bxf3 21. hxg6
fxg6 22. Qxf3 dxc3 23. Qg3 Nxe5 24. Bxg6 Kf6 25. Bc2 cxb2 26. Rab1 Rd4 27. f4
Nf7 28. Qg6+ Ke7 29. Rxe6+ Kf8 30. Rbe1 Rd8 31. Qf6 Qd7 32. Kh1 Qd4 33. Qf5 Qd5
34. Qf6 Qd4 35. Qf5 Qd5 36. Qh3 b1=Q 37. Bxb1 Rg8 38. Bg6 Qd4 39. Bxf7 Kxf7 40.
Qf5+ Kg7 41. Rg6+ Kh7 42. Re7+ Rg7 43. Rgxg7+ Kh8 44. Qh7# 1-0

[Event "Titled Tue 10th Jun Early"]
[Site "chess.com INT"]
[Date "2025.06.10"]
[Round "9"]
[White "Zhauynbay, Alimzhan"]
[Black "Klys, Kacper"]
[Result "1-0"]
[WhiteTitle "CM"]
[WhiteElo "2133"]
[BlackElo "2218"]
[WhiteFideId "13782657"]
[BlackFideId "21005281"]
[EventDate "2025.06.10"]

1. e4 c5 2. Nf3 e6 3. c3 d5 4. exd5 Qxd5 5. d4 Nf6 6. Na3 Nc6 7. Be3 cxd4 8. Nb5
Qd8 9. Nbxd4 Bd7 10. Bd3 Nd5 11. Bd2 Be7 12. O-O O-O 13. a3 Rc8 14. c4 Nf6 15.
Bc3 Nxd4 16. Bxd4 Bc6 17. Ne5 Qc7 18. Nxc6 Qxc6 19. Qc2 h6 20. Rad1 Rfd8 21. Bc3
Qc7 22. Rfe1 Rd7 23. Bxf6 Bxf6 24. Bh7+ Kf8 25. Rxd7 Qxd7 26. Rd1 Qc7 27. Bd3
Rd8 28. h3 Bd4 29. Be4 b6 30. b4 Qf4 31. Bf3 Qc7 32. Rd3 Kg8 33. c5 bxc5 34.
bxc5 e5 35. Qc4 Rb8 36. c6 Rb1+ 37. Rd1 Rb2 38. Rf1 Kf8 39. Be4 Ke7 40. Bd5 f6
41. Bf7 Kf8 42. Bg6 Rb6 43. Rc1 Rb8 44. Qe6 Rd8 45. Bh7 Qb6 46. Qg8+ Ke7 47.
Qxg7+ Kd6 48. Qxf6+ Kc7 49. Qe7+ Kc8 50. Bf5+ Kb8 51. c7+ 1-0

[Event "Titled Tue 10th Jun Early"]
[Site "chess.com INT"]
[Date "2025.06.10"]
[Round "9"]
[White "Katishonok, Nikolaj"]
[Black "Krutko, Anatoly"]
[Result "0-1"]
[WhiteTitle "FM"]
[BlackTitle "FM"]
[WhiteElo "2004"]
[BlackElo "2397"]
[WhiteFideId "11600225"]
[BlackFideId "4185862"]
[EventDate "2025.06.10"]

1. Nf3 Nf6 2. c4 g6 3. b3 Bg7 4. Bb2 O-O 5. g3 b6 6. Bg2 Bb7 7. O-O c5 8. Nc3 d6
9. d4 cxd4 10. Qxd4 Nbd7 11. Rfd1 a6 12. Rac1 Rc8 13. Qh4 Qc7 14. Nd5 Nxd5 15.
cxd5 Qd8 16. Rxc8 Bxc8 17. Ng5 h6 18. Bxg7 Kxg7 19. Ne4 Nf6 20. Nxf6 exf6 21.
Rc1 Qe7 22. e3 Bf5 23. Qd4 Rc8 24. Rxc8 Bxc8 25. Qxb6 h5 26. Bf1 h4 27. Bxa6 Bf5
28. Qd4 Qc7 29. Bc4 Qa5 30. gxh4 Qxa2 31. Kg2 Qb1 32. h3 Kg8 33. Qf4 Be4+ 34. f3
Qc2+ 35. Kg3 Bf5 36. e4 Qd1 37. Qe3 Bd7 38. b4 Qh1 39. b5 Bxh3 40. Qf2 Bd7 41.
b6 Qh3+ 42. Kf4 g5+ 43. hxg5 fxg5+ 44. Ke3 Bc8 45. Qg1 Qh4 46. Be2 Qf4+ 47. Kd3
Ba6+ 48. Kc3 Bb7 49. Qd4 Qc1+ 50. Kb4 Qb1+ 51. Kc3 Qa1+ 52. Kd3 Ba6+ 53. Ke3
Qg1+ 0-1

[Event "Titled Tue 10th Jun Early"]
[Site "chess.com INT"]
[Date "2025.06.10"]
[Round "9"]
[White "Garcia, Erick"]
[Black "Rustamov, Rustam"]
[Result "0-1"]
[BlackTitle "FM"]
[WhiteElo "2135"]
[BlackElo "2334"]
[WhiteFideId "2058880"]
[BlackFideId "13440110"]
[EventDate "2025.06.10"]

1. d4 Nf6 2. c4 e6 3. g3 d5 4. Bg2 Be7 5. Nf3 O-O 6. O-O dxc4 7. Qc2 a6 8. a4
Nc6 9. Qxc4 Na5 10. Qc2 b6 11. Bf4 Nd5 12. Bd2 Bb7 13. Bxa5 bxa5 14. Nbd2 Nb4
15. Qc3 Nd5 16. Qc2 Nb4 17. Qc3 Rb8 18. Nc4 Bd5 19. Nfe5 f6 20. Nf3 c5 21. dxc5
Qc7 22. Nb6 Bxc5 23. Nxd5 Nxd5 24. Qd2 Rfd8 25. Qc1 Rbc8 26. Kh1 Qb6 27. Qe1 Nb4
28. Rd1 Rxd1 29. Qxd1 Bxf2 30. Qb3 Bc5 31. Bh3 Re8 32. Rd1 Qc6 33. Qc4 Bf8 34.
Qxc6 Nxc6 35. Rd7 f5 36. Ng5 h6 37. Nf3 Re7 38. Rxe7 Bxe7 39. e4 g6 40. exf5
gxf5 41. Bf1 Bf6 42. Bxa6 Bxb2 43. Bc4 Kf7 44. h3 Kf6 45. g4 fxg4 46. hxg4 Bc3
47. Kg2 e5 48. Nh4 Kg5 49. Kg3 Be1+ 50. Kf3 Bxh4 51. Ke4 Kxg4 52. Kd5 Nb4+ 53.
Kxe5 Bg3+ 54. Kd4 h5 55. Be6+ Kg5 56. Kc5 Bc7 57. Kb5 h4 0-1

[Event "Titled Tue 10th Jun Early"]
[Site "chess.com INT"]
[Date "2025.06.10"]
[Round "9"]
[White "Salimova, Asal"]
[Black "Chyzy, Jakub"]
[Result "1-0"]
[WhiteTitle "WCM"]
[BlackTitle "FM"]
[WhiteElo "2063"]
[BlackElo "2330"]
[WhiteFideId "14204940"]
[BlackFideId "21806209"]
[EventDate "2025.06.10"]

1. d4 Nf6 2. c4 d6 3. g3 e5 4. Bg2 Nbd7 5. Nc3 Be7 6. e3 O-O 7. Nge2 c6 8. O-O
Re8 9. b4 Nf8 10. dxe5 dxe5 11. c5 Be6 12. Bb2 Bc4 13. Qc2 Bd3 14. Qb3 Qc7 15.
Rfd1 Rad8 16. e4 Ne6 17. Rac1 Rd7 18. Nd5 cxd5 19. Rxd3 dxe4 20. Rxd7 Qxd7 21.
Bxe5 Qd2 22. Qc2 Qg5 23. Bxf6 Bxf6 24. Bxe4 g6 25. Bxb7 Qe5 26. Bg2 Rb8 27. a3
a5 28. c6 axb4 29. axb4 Rxb4 30. c7 Nxc7 31. Qxc7 Qxe2 32. Qd6 Qb2 33. Re1 Kg7
34. h4 Rb6 35. Qf4 Qc3 36. Rf1 Rb2 37. h5 Qd4 38. h6+ Kf8 39. Qc7 Be7 40. Qc8+
Qd8 41. Qc4 Qb6 42. Qc8+ Qd8 43. Qc3 Qb6 44. Qh8# 1-0